000 00601nam a2200229 i 4500
001 C2-0060051
003 PPAK
005 20190630222107.0
008 970301s1983 enka|||| ||||| | eng d
020 _a0091502713
040 _aPPAK
_beng
_cPPAK
_erda
082 0 4 _a796.3332
_223
090 0 0 _a796.3332
_bJAM
_dG
100 1 _aJames, Carwyn,
_eauthor
245 1 0 _aFocus on rugby
264 1 _aLondon :
_bStanly Paul ,
_c1983
300 _a189 pages :
_billustrations ;
_c24 cm
336 _2rdacontent
_atext
337 _2rdamedia
_aunmediated
338 _2rdacarrier
_avolume
942 _ddc
_cB
999 _c7062
_d7062